00713nam a2200217Ia 4500001000700000008004100007010001100048020001800059082001400077100003000091245008200121260003200203300001100235503001100246650018300257901001400440902000600454910000900460942000700469999001900476Z_5348220113s1998 xx 000 0 und d a168415 a84-200-0857-5 a636.2 P45 aPhillips, C. J. C.987804 aAvances de la ciencia de la producción lechera /cCoord. C. J. C. Phillips aZaragoza :bAcribia,c1998 a417 p. a225798 aGanado lecheroxAlimentaciónGanado lecheroxAnatomía y fisiologíaGanado lecheroxReproducciónGanado lecheroxEnfermedadesLechexProducciónBiotecnología animal9142723 a636.2 P45 aM a1998 cc1 c168415d168415